| 000 | 00893nam a22003017a 4500 | ||
|---|---|---|---|
| 001 | 9936 | ||
| 003 | FISKH | ||
| 005 | 20260317162121.0 | ||
| 008 | 260317b cb ||||| |||| 00| 0 eng d | ||
| 020 | _a9780778742470 | ||
| 040 |
_aFISKH _beng _cFISKH _dFISKH |
||
| 050 | _aQC173.16 .A46 | ||
| 082 | _a539.7 | ||
| 100 | _aAloian , Molly | ||
| 245 |
_aAtoms and molecules / _cBy Molly Aloian |
||
| 260 |
_aNew York : _bCabtree Publishing Company , _c2011 . |
||
| 300 |
_a32 pages : _bcolor illustrations ; _c28 cm . |
||
| 490 | _aWhy Chemistry Matters | ||
| 505 | _aW | ||
| 521 | 8 |
_a860
_bLexile IG |
|
| 521 | 8 |
_aW
_bRaz-Plus |
|
| 650 |
_aAtoms _vJuvenile Literature |
||
| 650 |
_aMolecules _vJuvenile Literature |
||
| 650 |
_aMatter-Constitution _vJuvenile Literature |
||
| 700 |
_aFisher , Chester _eCoordinating editor |
||
| 942 |
_2ddc _cBK _n0 |
||
| 999 |
_c9936 _d9936 |
||